Movie by DVD Chapter Titles II Quiz Stats

 Plays Quiz Updated Mar 7, 2012

Challenge
Share
Tweet
Embed
Score 0/30 Timer 10:00
2 Plays Today
Chapter Titles Movie % Correct
43. Toto's Escape 44. March of the Winkies 45. The RescueThe Wizard of Oz
83.7%
16. Gifts from FedEx 17. To Make Fire 18. WilsonCast Away
75.2%
2. The Portkey 3. The Quidditch World Cup 4. The Dark MarkHarry Potter and the Goblet of Fire
68.3%
6. Escape to the Past 7. 1955 8. Dad the Dork Back to the Future
66.6%
21. Orion's Belt 22. Edgar at the Morgue 23. Deliver the GalaxyMen in Black
58.2%
7. In the Midst of Mutants 8. A School for the Gifted 9. Kelly's New AideX-Men
57.6%
12. Bunny's Toe 13. A Visit from the Stranger 14. The Dude's Check-upThe Big Lebowski
55.1%
10. The Wrestling Match 11. Enter the Thief 12. The Death of Uncle BenSpider-Man
51.2%
20. The Other Proposal 21. Mr. Robinson's Threat 22. Searching for ElaineThe Graduate
49.8%
23. Store Showdown 24. Gizmo to the Rescue 25. Stripe's Last StandGremlins
44.7%
3. Big Boy Descends 4. A Hero Is Unthawed 5. Danger Is My Middle NameAustin Powers: International Man of Mystery
40.7%
21. I Did It for Nothing 22. Kellerman's Farewell 23. 'Time of My Life'Dirty Dancing
39.5%
10. Philadelphia 11. The Ocular Device 12. Ian Has the MapNational Treasure
36.6%
25. Code A113 26. Garbage Airlock 27. Eve to the RescueWALL•E
36.2%
14. What's Gracie's Talent 15. Good Cover 16. Gun CrazyMiss Congeniality
35%
Chapter Titles Movie % Correct
23.Everybody Comes to Rick's 24.Renault Trustworthy? 25.'Les jeux sont faits'Casablanca
34.9%
30. Welcome to Earth 31. Desert RV Caravan 32. The Truth Is Out ThereIndependence Day
34.2%
12. Mia's Transformation 13. Friends Tell 14. Waving LessonThe Princess Diaries
33.6%
5. Brint, Rufus, Meekus 6. Eugoogoly 7. Balls ModelsZoolander
32.8%
11. Pancake Tuesday 12. 246 Toothpicks 13. 'Qantas never crashed'Rain Man
32%
14. The Arcade 15. Sanding the Deck 16. Painting the FenceThe Karate Kid
31%
1. Choose Life 2. The Sick Boy Method 3. The Worst Toilet in ScotlandTrainspotting
29.9%
34. Yankee Intruder 35. War Over 36. Ashley ReturnsGone With the Wind
28.7%
14.Galloping Gallimimus 15.The Perimeter Fence 16.Predator in the PowerhouseJurassic Park
27.4%
10. Arletta Lets Go 11. Short Work of a Long Road 12. 50 Eggs on a BetCool Hand Luke
20.2%
13. Deckard's Dream 14. Esper Enhancement 15. Manufactured SkinBlade Runner
20%
17. Four Minutes Late 18. Final Touch-ups 19. Our Lovely ContestantsLittle Miss Sunshine
17.3%
10. Do You Believe in Time Travel? 11. Simple Lifeline 12. Grandma Death's BookDonnie Darko
16.2%
16. Cole's Mission 17. They're Here! 18. All I See Are Dead People...12 Monkeys
12.1%
21. Sydney's Past 22. A Floral Hop-out 23. First Mistress?The American President
5.9%

You're not logged in!

Compare scores with friends on all Sporcle quizzes.
OR
Log In

You Might Also Like...

Show Comments

Extras

Top Quizzes Today


Score Distribution

Your Account Isn't Verified!

In order to create a playlist on Sporcle, you need to verify the email address you used during registration. Go to your Sporcle Settings to finish the process.

Report this User

Report this user for behavior that violates our Community Guidelines.

Details: